Alcaldes.eu 2024 : entrevistes i perfils entorn de la gestió municipal / entrevistes i perfils entorn de la gestió municipal /
ISBN:
9788412993516
Descripción Física:
259 pàgines : il·lustracions en color ; 22 x 25 cm
Materias:
Alcaldes -- Catalunya -- Intervius
; Administració local -- Catalunya
; Municipis -- Govern i administració -- Catalunya
Idioma:
Catalán
MARC
| LEADER | 00000nam a2200000 i 4500 | ||
|---|---|---|---|
| 001 | 28999 | ||
| 003 | AGDB | ||
| 005 | 20260324181539.0 | ||
| 008 | 251105s2023 spca||| |||| 0|0 0 cat| | ||
| 017 | |a B 2351-2025 | ||
| 020 | |a 9788412993516 | ||
| 040 | |a agdb |b cat | ||
| 245 | 0 | 0 | |a Alcaldes.eu 2024 : |b entrevistes i perfils entorn de la gestió municipal / |c director i editor: Xavier Roca ; col·laboradors: Eduard Berraondo [et al.] |
| 246 | 3 | 0 | |a Entrevistes i perfils entorn de la gestió municipal |
| 246 | 1 | 4 | |a Alcaldes |
| 264 | |a Barcelona : |b Presston Comunicació Internacional ; |c 2025 | ||
| 300 | |a 259 pàgines : |b il·lustracions en color ; |c 22 x 25 cm | ||
| 500 | |a A la portada: alcaldes. | ||
| 650 | 7 | |a Alcaldes |z Catalunya |v Intervius |2 lemac |9 49349 | |
| 650 | 7 | |a Administració local |z Catalunya |2 lemac |9 10655 | |
| 650 | 0 | |a Municipis |x Govern i administració |z Catalunya |2 lemac |9 40824 | |
| 942 | |c ARXIU |2 udc |n 1 | ||
| 952 | |0 0 |1 0 |2 udc |4 0 |6 BIB1360 |7 1 |9 98604 |a Arxiu |b Arxiu |d 2025-11-05 |l 0 |o Bib-1360 |p 28999 |r 2025-11-05 13:38:04 |w 2025-11-05 |y ARXIU | ||
| 999 | |c 130348 |d 130348 | ||